Normal view
MARC view
- Pushpindar Singh , Rikhye, Ravi , Steinemann , Peter
Entry Personal Name
001 - CONTROL NUMBER
- control field: 64228
003 - CONTROL NUMBER IDENTIFIER
- control field: NUST
005 - DATE AND TIME OF LATEST TRANSACTION
- control field: 20210628203237.0
008 - FIXED-LENGTH DATA ELEMENTS
- fixed length control field: 210628|| aca||aabn | a|a d
040 ## - CATALOGING SOURCE
- Original cataloging agency: NUST
- Transcribing agency: NUST
100 ## - HEADING--PERSONAL NAME
- Personal name: Pushpindar Singh , Rikhye, Ravi , Steinemann , Peter
670 ## - SOURCE DATA FOUND
- Source citation: Work cat.: (NUST): Pushpindar Singh , Rikhye, Ravi , Steinemann , Peter, Fiza'ya , psyche of the pakistan airforce, 1991
